000 00415nam a2200169 a 4500
001 0000-8983
003 ELIB.Books
008 110520 1985
035 _a(ELIB.Books)0000-9132
082 _a268.434
_bSel
100 _aSell, Charles M.
245 _aTransition
260 _bChicago; Moody Press
_c1985
650 _aChristian Education
942 _2ddc
_cBK
998 _cbat
_e2011-05-20
999 _c8983
_d8983